| 000 | 00536nam a2200169Ia 4500 | ||
|---|---|---|---|
| 008 | 090201s9999 xx 000 0 und d | ||
| 010 | _aKPL-13220 | ||
| 040 | _bमराठी | ||
| 041 | _aमराठी | ||
| 082 |
_a20436 _b13220 |
||
| 100 | _aसुमन भडभडे | ||
| 245 |
_aइथे बहर भाव फुला _cसुमन भडभडे |
||
| 260 |
_c2004 _bमंजू प्रकाशन |
||
| 300 |
_a132 _bमोठा |
||
| 600 | _aइथे बहर भाव फुला | ||
| 942 | _cBOOK | ||
| 999 |
_c220211 _d220211 |
||